Normal view
MARC view
- Faiq Mansoor Faraz Subhani Arslan Bin Tariq M. Usama Tahir Su
Entry Personal Name
001 - CONTROL NUMBER
- control field: 71448
003 - CONTROL NUMBER IDENTIFIER
- control field: NUST
005 - DATE AND TIME OF LATEST TRANSACTION
- control field: 20210628204635.0
008 - FIXED-LENGTH DATA ELEMENTS
- fixed length control field: 210628|| aca||aabn | a|a d
040 ## - CATALOGING SOURCE
- Original cataloging agency: NUST
- Transcribing agency: NUST
100 ## - HEADING--PERSONAL NAME
- Personal name: Faiq Mansoor Faraz Subhani Arslan Bin Tariq M. Usama Tahir Su
670 ## - SOURCE DATA FOUND
- Source citation: Work cat.: (NUST): Faiq Mansoor Faraz Subhani Arslan Bin Tariq M. Usama Tahir Su, PR-SOF-1773-Crop Health and Nitrogen Monitoring System, 2019
